Famous Fictional Dogs - Sudden Death - Statistics

General Stats
  • This quiz has been taken 3,050 times
    1,086 since last reset
  • The average score is 12 of 24
Answers on the Grid
Answers color-coded by a green-red scale on the quiz's grid according to % correct below.
Abu
Aslan
Astro
Baloo
Benji
Brian Griffin
Bullwinkle
Cerberus
Charlotte
Clifford
Cujo
Curious George
Dogbert
Eeyore
Flopsy
Flounder
Goofy
Gromit
Hedwig
Hobbes
Huckleberry Hound
Jiminy Cricket
Lady
Lassie
Marmaduke
McGruff
Moby Dick
Mr. Fox
Mushu
Nemo
Odie
Old Yeller
Pluto
Pongo
Pumba
Rikki-Tikki-Tavi
Rin Tin Tin
Santa's Little Helper
Scooby Doo
Sebastian
Simba
Snoopy
Stimpy
Sven
Timon
Toto
Tramp
Wilbur
 
Answer Stats
Answer % Correct
Clifford
69%
Snoopy
69%
Goofy
68%
Pluto
67%
Scooby Doo
66%
Lady
60%
Lassie
59%
Tramp
56%
Cerberus
55%
Benji
52%
Brian Griffin
52%
Cujo
52%
Gromit
52%
Toto
52%
Huckleberry Hound
50%
Old Yeller
48%
Marmaduke
46%
Odie
46%
Astro
44%
Santa's Little Helper
39%
Dogbert
37%
Rin Tin Tin
35%
Pongo
34%
McGruff
27%
No matching quizzes found
Score Distribution
Percent of People with Each Score
Percentile by Number Answered
Your Score History
You have not taken this quiz since the last reset